1220 1615 1947 1283 1261 1826 1244 1859 1827 1300 1415 1610 1150 1874 1478 1180 1010 1211 1095 1400 1633 1254 1681 1646 1891 1244 1557 1491 1662 1324 1185 1839 1299 1153 1545 1752 1780 1055 1117 1968 1648 1313 1065 1914 1168 1868 1741 1551 1758 1435 1257 1480 1192 1496 1237 1318 1676 1090 1434 1469 1241 1958 1044 1022 1211 1103 1644 1504 1119 1145 1464 1241 1094 1881 1335 1131 1687 1558 1597 1533 1037 1275 1221 1517 1780 1697 1126 1384 1269 1750 1615 1180 1971 1032 1318 1374 1202 1036 1429 BCNSPRNW ULIB Ver.6.0+V

เปลี่ยนเป็นภาษาไทย

Change to English
 แสดงรายละเอียดบรรณานุกรม
  กลับหน้าหลัก

Brief Record : Get Marc (ISO 2709) : E-mail record : QR code < ปิดหน้าต่าง
LEADER : 00000nam 2200000uu 4500
001    13399121606
003     ULIB
008    121126s2553||||th 000 0 tha d
020    ^a9789744011770
060 04 ^aWS460^bว712ก
100 0  ^aวิโรจน์ อารีย์กุล
245 10 ^aการดูแลสุขภาพและการให้คำแนะนำวัยรุ่น =^bAdolescent healthcare and supervision /^cวิโรจน์ อารีย์กุล
246 31 ^aAdolescent health care and supervision
250    ^aพิมพ์ครั้งที่ 1
260    ^aกรุงเทพฯ :^bกองกุมารเวชกรรม โรงพยาบาลพระมงกุฎเกล้า และภาควิชาเวชศาสตร์ทหารและชุมชน วิทยาลัยแพทยศาสตร์พระมงกุฎเกล้า,^c2553
300    ^a276 หน้า :^bภาพประกอบ ;^c26 ซม.
650  7 ^aวัยรุ่น^xสุขภาพและอนามัย
650  7 ^aวัยรุ่น^xการให้คำปรึกษา
650  7 ^aวัยรุ่น^xการดูแล
710 2  ^aวิทยาลัยแพทยศาสตร์พระมงกุฎเกล้า.^bภาควิชาเวชศาสตร์ทหารและชุมชน
710 2  ^aโรงพยาบาลพระมงกุฎเกล้า. ^bกองกุมารเวชกรรม
945    ^p500^l0^i16840
945    ^p500^l0^i16841
945    ^p500^l0^i20915
945    ^p500^l0^i20916
945    ^p500^l0^i20917
945    ^p500^l0^i20918
945    ^p500^l0^i20919
995    ทศพร
999 ^a ใช้งานได้ทุกระบบ
รายการนี้ยังไม่มีแท็ก
คุณยังไม่ได้ล็อกอิน คุณสามารถมีกิจกรรมร่วมกับเว็บไซต์ได้ แต่ต้องล็อกอินก่อน ::
  ล็อกอิน

รายการสื่อสารสนเทศ

ลำดับที่ ประเภท เลขเรียก/บาร์โค้ด สถานที่ สถานะ
1. วิทยาศาสตร์การแพทย์ และสุขภาพ
วิทยาศาสตร์การแพทย์ และสุขภาพ
WS460 ว712ก  
  Barcode: 16840
ห้องสมุดวิทยาเขตนครสวรรค์
►ส่วนจัดเก็บหนังสือเก่า นว.
บนชั้น
  ขอยืม
2. วิทยาศาสตร์การแพทย์ และสุขภาพ
วิทยาศาสตร์การแพทย์ และสุขภาพ
WS460 ว712ก ฉ.2 
  Barcode: 16841
ห้องสมุดวิทยาเขตนครสวรรค์
►ส่วนจัดเก็บหนังสือเก่า นว.
บนชั้น
  ขอยืม
3. วิทยาศาสตร์การแพทย์ และสุขภาพ
วิทยาศาสตร์การแพทย์ และสุขภาพ
WS460 ว712ก ฉ.3 
  Barcode: 20915
ห้องสมุดวิทยาเขตนครสวรรค์
►ส่วนจัดเก็บหนังสือเก่า นว.
บนชั้น
  ขอยืม
4. วิทยาศาสตร์การแพทย์ และสุขภาพ
วิทยาศาสตร์การแพทย์ และสุขภาพ
WS460 ว712ก ฉ.4 
  Barcode: 20916
ห้องสมุดวิทยาเขตนครสวรรค์
►ส่วนจัดเก็บหนังสือเก่า นว.
บนชั้น
  ขอยืม
5. วิทยาศาสตร์การแพทย์ และสุขภาพ
วิทยาศาสตร์การแพทย์ และสุขภาพ
WS460 ว712ก ฉ.5 
  Barcode: 20917
ห้องสมุดวิทยาเขตนครสวรรค์
►ส่วนจัดเก็บหนังสือเก่า นว.
บนชั้น
  ขอยืม
6. วิทยาศาสตร์การแพทย์ และสุขภาพ
วิทยาศาสตร์การแพทย์ และสุขภาพ
WS460 ว712ก ฉ.6 
  Barcode: 20918
ห้องสมุดวิทยาเขตนครสวรรค์
►ส่วนจัดเก็บหนังสือเก่า นว.
บนชั้น
  ขอยืม
7. วิทยาศาสตร์การแพทย์ และสุขภาพ
วิทยาศาสตร์การแพทย์ และสุขภาพ
WS460 ว712ก ฉ.7 
  Barcode: 20919
ห้องสมุดวิทยาเขตนครสวรรค์
►ส่วนจัดเก็บหนังสือเก่า นว.
บนชั้น
  ขอยืม

รายการใกล้เคียง
    ผู้แต่ง [วิโรจน์ อารีย์กุล]

BibComment


ยังไม่เคยถูกคอมเมนท์

คอมเมนท์ทรัพยากรรายการนี้
  คอมเมนท์: การดูแลสุขภาพและ..


 Copyright 2026. Bcnsprnw @Library